El gemelo solitario /

Bibliographic Details
Main Authors: Bourquin, Peter, 1965- (Author), Cortés, Carmen, (Cortés Berenguer) (Author)
Format: Electronic eBook
Language:Spanish
Published: Bilbao : Desclée De Brouwer, 2015.
Series:AMAE (Serie)
Subjects:
Online Access:Digitalia Hispánica

MARC

LEADER 00000nam a2200000 i 4500
001 DIGDESCL0124
003 NyNyDIG
006 m o d
007 cr |||||||||||
008 231119s2015 sp a ob 000 0 spa d
035 |a (OCoLC)1410557429 
040 |a DGITA  |b eng  |e rda  |e pn  |c DGITA 
020 |a 9788433037169  |q eBook 
020 |z 9788433027535 
050 1 4 |a BF723.T9 ebook 
100 1 |a Bourquin, Peter,  |d 1965-  |e author. 
245 1 3 |a El gemelo solitario /  |c Peter Bourquin, Carmen Cortés. 
264 1 |a Bilbao :  |b Desclée De Brouwer,  |c 2015. 
300 |a 1 online resource :  |b illustrations. 
336 |a text  |b txt  |2 rdacontent 
337 |a computer file  |b c  |2 rdamedia 
338 |a online resource  |b cr  |2 rdacarrier 
347 |a text file  |2 rdaft 
347 |b EPUB 
490 1 |a AMAE 
504 |a Includes bibliographical references. 
588 0 |a Online resource; title from ePub title page (Digitalia, viewed November 19, 2023) 
650 0 |a Twins  |x Psychology. 
650 0 |a Identity (Psychology) 
650 0 |a Multiple pregnancy. 
700 1 |a Cortés, Carmen,  |q (Cortés Berenguer),  |e author. 
776 0 8 |i Print version:  |a Bourquin, Peter, 1965-  |t Gemelo solitario.  |d Bilbao : Desclée De Brouwer, [2014]  |z 9788433027535 
791 2 |a Digitalia (Firm),  |e distributor. 
793 0 |g Digitalia eBook Collection:  |a Editorial Desclée De Brouwer 
830 0 |a AMAE (Serie) 
856 4 0 |3 Digitalia Hispánica  |u https://www.digitaliapublishing.com/a/84191/ 
910 |a Premium collection: 2023